| 000 | 00825ntaaa2200229 4500 | ||
|---|---|---|---|
| 003 | 01 | ||
| 005 | 20251027203218.0 | ||
| 008 | 0714s1973 ag 01 | ||
| 020 | _a0195170385 | ||
| 040 |
_aAR-BaBN _bspa _cAR-BaBN _eaacr _dRIC |
||
| 082 | _a261.5 J15s | ||
| 100 |
_aJacobsen, Douglas _934075 |
||
| 245 |
_aScholarship and christian faith : _benlarging the conversation / _cDouglas Jacobsen, Ronda Hustedt Jacobsen |
||
| 250 | _a1 ed. | ||
| 260 |
_aNew York : _bOxford University Press, _c2004 |
||
| 300 | _a190 p. | ||
| 500 | _aIncluye ensayos de: Rodney J. Sawatsky, Crystal L. Downing, Edward B. Davis, David L. Weaver-Zercher, Susana Bede Caroselli, Kim S. Phipps.índice p. 185-190. | ||
| 650 | _aIGLESIA Y SOCIEDAD | ||
| 650 |
_aEDUCACION CRISTIANA _9405 |
||
| 700 |
_aJacobsen, Ronda Hustedt _934076 |
||
| 942 | _cBK | ||
| 999 |
_c27554 _d27554 |
||